000 00839nam a22001937a 4500
999 _c62500
_d62500
003 Ge_BSU
005 20241119120359.0
008 241119s1969 ge ||||| |||| 00| 0 geo d
041 _ageo
080 _a612.39:613.22 ლ-34
100 _aლებედევი, დ.
_923737
245 _aროგორ ვებრძოლოთ ბავშვთა ცუდ მადას /
_cდ. ლებედევი.
264 _aთბილისი :
_bსაბჭ. საქართველო,
_c1960.
300 _a18 გვ. :
_b ილ. ;
_c20 სმ.
440 _aსანიტარული განათლების ბიბლიოთეკა
_923736
653 _aბავშვთა უმადობა. ბავშვთა კვება.
653 _aმედიცინა
942 _2udc
_cBK